Wrestlers By Picture 33: The Managers - Statistics

General Stats
  • This quiz has been taken 56 times
  • The average score is 11 of 16
Answer Stats
Picture Answer % Correct
Paul Heyman
100%
Paul Bearer
98%
Bobby Heenan
96%
Miss Elizabeth
96%
Mr. Fuji
92%
Jimmy Hart
87%
Jim Cornette
79%
Sherri Martel
79%
Captain Lou Albano
75%
Freddie Blassie
75%
Paul Ellering
70%
Slick
57%
The Grand Wizard
38%
Sir Oliver Humperdink
36%
Gary Hart
32%
Scott D'Amore
25%
No matching quizzes found
Score Distribution
Percent of People with Each Score
Percentile by Number Answered
Your Score History
You have not taken this quiz